Intellectual Modernism of Shibli Nu`mani (Record no. 8027)

MARC details
000 -LEADER
fixed length control field 00576nam a2200229 a 4500
020 ## - INTERNATIONAL STANDARD BOOK NUMBER
ISBN
082 00 - DEWEY DECIMAL CLASSIFICATION NUMBER
Classification number 297.1
Author Cutter MUR
100 ## - MAIN ENTRY--AUTHOR NAME
Author name Murad, Mehr Afroz
245 ## - TITLE STATEMENT
Title Intellectual Modernism of Shibli Nu`mani
260 ## - PUBLICATION, DISTRIBUTION, ETC. (IMPRINT)
Place of publication Lahore
Name of publisher Institute of Islamic Culture
Year of publication 1976
300 ## - PHYSICAL DESCRIPTION
Number of Pages 135p
500 ## - GENERAL NOTE
General note includes index and biblioraphy
650 ## - SUBJECT ADDED ENTRY--TOPICAL TERM
Topical Term Shibli Nomani
942 ## - ADDED ENTRY ELEMENTS (KOHA)
Koha item type Books
700 1# -
-- Murad, Mehr Afroz
Holdings
Collection code Home library Current library Date acquired Cost, normal purchase price Full call number Accession Number Koha item type
  Henry Martyn Institute Library Henry Martyn Institute Library 08/10/2007 100.00 297.1 MUR 012695 Books
                   Copyright © 2026 | Henry Martyn Institute | Hyderabad | TS-500052 | INDIA | Implemented by hmi.edu.in
Hit-Count:

Powered by Koha